000 00666cam a22002293a 4500
001 3548
003 PGUSA
005 20140828083034.0
008 021101s2002||||xxu|||||s|||||000 | eng d
040 _aPGUSA
_beng
042 _adc
050 4 _aBR
100 1 _aBunyan, John,
_d1628-1688
245 1 4 _aThe Pharisee and the Publican
_h[electronic resource] /
_cJohn Bunyan
260 _bProject Gutenberg,
_c2002
506 _aPublic domain in the USA.
516 _aElectronic text
653 _aPharisee and the publican (Parable) -- Early works to 1800
830 0 _aProject Gutenberg
_v3548
856 4 0 _uhttp://www.gutenberg.org/ebooks/3548
942 _cEB
999 _c232877
_d232877